| 000 | 00868nam a2200265 a 4500 | ||
|---|---|---|---|
| 001 | BRL_384 | ||
| 005 | 20190320210721.0 | ||
| 008 | 050813s1968----mx-a######---#000-0#spa-# | ||
| 041 | _aspa | ||
| 044 | _amx | ||
| 050 | 4 |
_aF1219 _b.I58 16 1968 |
|
| 100 | 1 |
_aCastillo Tejero, Noemí _923251 |
|
| 245 | 1 | 0 |
_aAlgunas técnicas decorativas de la cerámica arqueológica de México _cNoemí Castillo Tejero |
| 260 |
_aMéxico _bINAH _c1968 |
||
| 300 |
_a134 p. _bil. _c28 cm. |
||
| 440 | 0 |
_aInvestigaciones _v16 _923733 |
|
| 500 | _aAu377 | ||
| 504 | _aIncluye bibliografía p. 129-134 | ||
| 650 | 1 | 4 |
_aIndígenas de México _vHistoria _923734 |
| 650 | 1 | 4 |
_aCerámica indígena _zMéxico _923735 |
| 650 | 1 | 4 |
_aArqueología _vArtes decorativas _zMéxico _923736 |
| 710 | 2 |
_aInstituto Nacional de Antropología e Historia (México) _923737 |
|
| 902 | _aGRL | ||
| 942 |
_2lcc _cB |
||
| 999 |
_c9197 _d9197 |
||